<?xml version="1.0" encoding="UTF-8"?>
<record
    xmlns:xsi="http://www.w3.org/2001/XMLSchema-instance"
    xsi:schemaLocation="http://www.loc.gov/MARC21/slim http://www.loc.gov/standards/marcxml/schema/MARC21slim.xsd"
    xmlns="http://www.loc.gov/MARC21/slim">

  <leader>01250nam a22001337a 4500</leader>
  <controlfield tag="008">150430b        xxu||||| |||| 00| 0 eng d</controlfield>
  <datafield tag="082" ind1=" " ind2=" ">
    <subfield code="a">720</subfield>
    <subfield code="b">C 764c</subfield>
  </datafield>
  <datafield tag="100" ind1=" " ind2=" ">
    <subfield code="a">Constructing Paradise Reader on Nature &amp; Culture </subfield>
    <subfield code="9">2548</subfield>
  </datafield>
  <datafield tag="245" ind1=" " ind2=" ">
    <subfield code="a">Constructing Paradise Reader on Nature &amp; Culture (compilaci&#xF3;n)</subfield>
  </datafield>
  <datafield tag="300" ind1=" " ind2=" ">
    <subfield code="a">200 p</subfield>
    <subfield code="b">ill.</subfield>
  </datafield>
  <datafield tag="505" ind1=" " ind2=" ">
    <subfield code="t">"Biophilia and the Conservation Ethic"</subfield>
    <subfield code="r">E.O. Wilson</subfield>
    <subfield code="t"> "The Biological Basis por Human Values of Nature"</subfield>
    <subfield code="r">S.R. Kellert.</subfield>
    <subfield code="t">Aesthetics and the Environment. The appreciation of nature, art and architecture.</subfield>
    <subfield code="r">A. Carlson. </subfield>
    <subfield code="t">"The Development of Culture" </subfield>
    <subfield code="r">A. Van der Staay, </subfield>
    <subfield code="t">"Architecture and City in the Caribbean: The Reinvention of Paradise"</subfield>
    <subfield code="r">R. Segre </subfield>
    <subfield code="t">"Designing and Building in the Tropics"</subfield>
    <subfield code="r">B. Stagno </subfield>
    <subfield code="t"> "Architectural Responses in Tropical India"</subfield>
    <subfield code="r">R. Mehrotra</subfield>
    <subfield code="t">"Architecture for a Latitude"</subfield>
    <subfield code="r"> B. Stagno </subfield>
    <subfield code="t"> "Bruno Stagno and Architectural Biodiversity"</subfield>
    <subfield code="r">A. Tzonis and L. Lefaivre</subfield>
    <subfield code="t">"Paintings of Mustang by Robert Powell"</subfield>
    <subfield code="r">R. Vitaly </subfield>
    <subfield code="t"> "A Fusion of Nature and Culture in Desing"</subfield>
    <subfield code="r">A. Badshah, N. Ardalan</subfield>
    <subfield code="t">Supersudaca</subfield>
  </datafield>
  <datafield tag="650" ind1=" " ind2=" ">
    <subfield code="x">Arquitectura</subfield>
    <subfield code="x">Antolog&#xED;a (compilaci&#xF3;n)</subfield>
    <subfield code="x">Etica</subfield>
    <subfield code="x">Estetica</subfield>
    <subfield code="x">Cultura</subfield>
    <subfield code="x">Arquitectura caribe&#xF1;a</subfield>
    <subfield code="x">Arquitectura tropical</subfield>
    <subfield code="9">2549</subfield>
  </datafield>
  <datafield tag="700" ind1=" " ind2=" ">
    <subfield code="a">Constructing Paradise Reader on Nature &amp; Culture </subfield>
    <subfield code="9">2550</subfield>
  </datafield>
  <datafield tag="999" ind1=" " ind2=" ">
    <subfield code="c">560</subfield>
    <subfield code="d">560</subfield>
  </datafield>
  <datafield tag="952" ind1=" " ind2=" ">
    <subfield code="0">0</subfield>
    <subfield code="1">0</subfield>
    <subfield code="2">ddc</subfield>
    <subfield code="4">0</subfield>
    <subfield code="7">0</subfield>
    <subfield code="a">LV</subfield>
    <subfield code="b">LV</subfield>
    <subfield code="c">Pensamiento</subfield>
    <subfield code="d">2015-04-30</subfield>
    <subfield code="l">0</subfield>
    <subfield code="o">720 C 764c</subfield>
    <subfield code="p">004037</subfield>
    <subfield code="r">2015-04-30 00:00:00</subfield>
    <subfield code="w">2015-04-30</subfield>
    <subfield code="y">01</subfield>
  </datafield>
</record>
